Library Banner

Keynote communication in the real world (Record no. 13146)

MARC details
000 -LEADER
fixed length control field 00516nam a2200205Ia 4500
001 - CONTROL NUMBER
control field 12363
003 - CONTROL NUMBER IDENTIFIER
control field PK-LaUMT
005 - DATE AND TIME OF LATEST TRANSACTION
control field 20220902154739.0
008 - FIXED-LENGTH DATA ELEMENTS--GENERAL INFORMATION
fixed length control field 140401s9999 xx 000 0 und d
020 ## - INTERNATIONAL STANDARD BOOK NUMBER
International Standard Book Number 0-582-10225-1
040 ## - CATALOGING SOURCE
Transcribing agency PK-LaUMT
082 ## - DEWEY DECIMAL CLASSIFICATION NUMBER
Classification number W 302.2
Item number ROS-K
100 ## - MAIN ENTRY--PERSONAL NAME
Personal name McGannon, Anne, J.T.
245 ## - TITLE STATEMENT
Title Keynote communication in the real world
Statement of responsibility, etc McGannon, Anne, J.T.<>Rost, Michael
260 ## - PUBLICATION, DISTRIBUTION, ETC. (IMPRINT)
Date of publication, distribution, etc 1993
300 ## - PHYSICAL DESCRIPTION
Extent 64 p.
546 ## - LANGUAGE NOTE
Language note EN
700 ## - ADDED ENTRY--PERSONAL NAME
Personal name Rost, Michael
942 ## - ADDED ENTRY ELEMENTS (KOHA)
Koha item type Permanently weeded out collection
Source of classification or shelving scheme Dewey Decimal Classification
Holdings
Withdrawn status Lost status Damaged status Not for loan Home library Current library Date acquired Total Checkouts Full call number Barcode Date last seen Price effective from Koha item type
        UMT Main Campus UMT Main Campus 2014-04-01   W 302.2 ROS-K 13684 2014-04-21 2014-04-21 Books